| 000 | 00990cam a22002771i 4500 | ||
|---|---|---|---|
| 003 | SA-RiAUC | ||
| 005 | 20250830044000.0 | ||
| 008 | 250817s2001 su o g b 000 0 ara c | ||
| 040 |
_aOM-MuSQU _bara _cSA-RiAUC _erda |
||
| 043 | _aawgz--- | ||
| 082 | 0 | 4 |
_a956.91 _qSA-RiAUC |
| 090 |
_a956.91 _bن ح و |
||
| 100 | 1 |
_aالنحوي، عدنان علي رضا محمد، _d1346-1436 هجري _eمؤلف. |
|
| 245 | 1 | 0 |
_aعلى أبواب القدس / _cعدنان علي النحوي. |
| 250 | _aالطبعة الثالثة. | ||
| 264 | 1 |
_aالرياض : _bدار النحوي، _c2001. |
|
| 300 |
_a332 صفحة : _bصور ؛ _c24 سم |
||
| 336 |
_aنص _btxt _2rdacontent _3كتاب |
||
| 337 |
_aبدون وسيط _bn _2rdamedia |
||
| 338 |
_aمجلد _bnc _2rdacarrier |
||
| 504 | _aيشتمل على إرجاعات ببليوجرافية. | ||
| 590 | _aسيف. | ||
| 651 | 7 |
_aالقدس _xتاريخ _2aucsh |
|
| 942 |
_2ddc _cBOOK _n0 |
||
| 949 |
_aSA-JeALM _d250817 _umohamedma123 _n1 |
||
| 999 |
_c11303 _d11303 |
||